[Event "48th Rilton Cup 2018"]
[Site "Stockholm"]
[Date "2018.12.27"]
[Round "1"]
[White "Ornstein, Axel"]
[Black "Santos Latasa, Jaime"]
[Result "0-1"]
[WhiteElo "2289"]
[BlackElo "2584"]
[Annotator "ChessBase"]
[PlyCount "116"]
[EventDate "2018.12.27"]
[EventType "swiss"]
[EventCountry "SWE"]
[SourceTitle "playchess.com"]
[Source "ChessBase"]
[SourceQuality "1"]
[TimeControl "40/5400+30:1800+30"]

1. d4 {[%emt 0:00:00]} Nf6 {[%emt 0:00:00]} 2. Nf3 {[%emt 0:00:00]} d5 {[%emt 0:00:00]} 3. c4 {[%emt 0:05:48]} e6 4. Bg5 h6 {[%emt 0:03:09]} 5. Bxf6 {[%emt 0:00:55]} Qxf6 {[%emt 0:00:13]} 6. Nc3 {[%emt 0:00:22]} c6 {[%emt 0:00:11]} 7. Qb3 {[%emt 0:02:55]} Nd7 {[%emt 0:03:10]} 8. e4 {[%emt 0:00:54]} dxe4 {[%emt 0:00:15]} 9. Nxe4 {[%emt 0:00:01]} Qf4 {[%emt 0:00:27]} 10. Bd3 {[%emt 0:00:07]} Be7 {[%emt 0:00:15]} 11. O-O {[%emt 0:00:08]} O-O {[%emt 0:00:08]} 12. Rad1 {[%emt 0:04:28]} e5 {[%emt 0:04:26]} 13. dxe5 {[%emt 0:07:12]} Nxe5 {[%emt 0:00:21]} 14. Nxe5 {[%emt 0:00:04]} Qxe5 {[%emt 0:00:07]} 15. f4 {[%emt 0:03:38]} Qd4+ {[%emt 0:12:05]} 16. Kh1 {[%emt 0:01:08]} Qb6 {[%emt 0:01:20]} 17. Qc2 {[%emt 0:12:02]} Bf5 {[%emt 0:03:08]} 18. Ng3 {[%emt 0:15:19]} Bxd3 {[%emt 0:00:21]} 19. Rxd3 {[%emt 0:00:03]} Rad8 {[%emt 0:01:48]} 20. Nf5 {[%emt 0:00:34]} Bf6 {[%emt 0:00:17]} 21. Rb3 {[%emt 0:00:05]} Qa5 {[%emt 0:02:06]} 22. Rxb7 {[%emt 0:01:10]} Rd2 {[%emt 0:00:28]} 23. b4 {[%emt 0:00:06]} Qxb4 {[%emt 0:03:38]} 24. Rxb4 Rxc2 {[%emt 0:00:15]} 25. Ra4 {[%emt 0:11:42]} Re8 {[%emt 0:00:40]} 26. Ng3 {[%emt 0:03:33]} Bd4 {[%emt 0:01:29]} 27. h4 {[%emt 0:00:04]} Rb8 {[%emt 0:05:00]} 28. Nf5 {[%emt 0:00:58]} Bc5 {[%emt 0:01:52]} 29. Ra5 {[%emt 0:00:08]} Bb6 {[%emt 0:01:10]} 30. Ra3 {[%emt 0:04:28]} Kh7 {[%emt 0:01:56]} 31. Rg3 {[%emt 0:02:08]} g6 {[%emt 0:00:24]} 32. Nd6 {[%emt 0:00:02]} Bc7 {[%emt 0:00:53]} 33. Rd1 {[%emt 0:06:17]} Rd8 {[%emt 0:00:53]} 34. Rgd3 {[%emt 0:00:18]} Kg8 {[%emt 0:01:12]} 35. Nxf7 {[%emt 0:04:31]} Rxd3 {[%emt 0:00:21]} 36. Rxd3 {[%emt 0:00:04]} Bxf4 {[%emt 0:00:06]} 37. g3 {[%emt 0:00:12]} Kxf7 {[%emt 0:00:17]} 38. gxf4 {[%emt 0:00:10]} Rxc4 {[%emt 0:00:05]} 39. h5 {[%emt 0:01:30]} Rxf4 {[%emt 0:01:37]} 40. hxg6+ {[%emt 0:00:44]} Kxg6 {[%emt 0:00:11]} 41. Rd6+ {[%emt 0:30:43]} Rf6 {[%emt 0:30:08]} 42. Rd7 {[%emt 0:00:03]} a5 {[%emt 0:00:29]} 43. Kg2 {[%emt 0:00:59]} Kg5 {[%emt 0:00:21]} 44. Kg3 {[%emt 0:00:31]} Rf5 {[%emt 0:01:11]} 45. Rg7+ {[%emt 0:00:09]} Kf6 {[%emt 0:00:17]} 46. Rc7 {[%emt 0:00:35]} Rc5 {[%emt 0:00:07]} 47. a4 {[%emt 0:03:03]} h5 {[%emt 0:00:31]} 48. Rh7 {[%emt 0:01:42]} Rc3+ {[%emt 0:03:26]} 49. Kf2 {[%emt 0:01:09]} Kg5 {[%emt 0:00:41]} 50. Rg7+ {[%emt 0:00:22]} Kf4 {[%emt 0:00:54]} 51. Rf7+ {[%emt 0:00:05]} Ke4 {[%emt 0:00:05]} 52. Re7+ {[%emt 0:00:20]} Kd4 {[%emt 0:00:10]} 53. Ke2 {[%emt 0:00:41]} h4 {[%emt 0:01:18]} 54. Rh7 {[%emt 0:03:45]} Rh3 {[%emt 0:01:14]} 55. Ra7 {[%emt 0:00:08]} Re3+ {[%emt 0:01:07]} 56. Kf2 {[%emt 0:00:19]} Re5 {[%emt 0:00:05]} 57. Rh7 {[%emt 0:00:07]} c5 {[%emt 0:00:10]} 58. Rxh4+ {[%emt 0:00:05]} Kc3 {[%emt 0:00:07]} 0-1

[Event "48th Rilton Cup 2018"]
[Site "Stockholm"]
[Date "2018.12.27"]
[Round "1"]
[White "Couso, Luis"]
[Black "Moroni, Luca Jr"]
[Result "0-1"]
[WhiteElo "2285"]
[BlackElo "2564"]
[Annotator "ChessBase"]
[PlyCount "106"]
[EventDate "2018.12.27"]
[EventType "swiss"]
[EventCountry "SWE"]
[SourceTitle "playchess.com"]
[Source "ChessBase"]
[SourceQuality "1"]
[TimeControl "40/5400+30:1800+30"]

1. c4 {[%emt 0:00:00]} e6 {[%emt 0:00:00]} 2. g3 {[%emt 0:00:00]} d5 {[%emt 0:00:00]} 3. Bg2 {[%emt 0:00:00]} Nf6 {[%emt 0:00:00]} 4. Nf3 {[%emt 0:00:17]} dxc4 {[%emt 0:00:00]} 5. Na3 {[%emt 0:00:14]} c6 {[%emt 0:01:55]} 6. Nxc4 {[%emt 0:00:59]} Be7 {[%emt 0:01:02]} 7. O-O {[%emt 0:01:29]} O-O {[%emt 0:00:06]} 8. d4 {[%emt 0:01:49]} b5 {[%emt 0:00:48]} 9. Nce5 {[%emt 0:00:31]} Bb7 {[%emt 0:00:05]} 10. Bg5 {[%emt 0:05:35]} Nbd7 {[%emt 0:02:43]} 11. Bxf6 {[%emt 0:11:38]} Nxf6 {[%emt 0:04:10]} 12. Rc1 {[%emt 0:01:15]} Qb6 {[%emt 0:03:06]} 13. Nd3 {[%emt 0:02:49]} Rfd8 {[%emt 0:03:03]} 14. Qc2 {[%emt 0:09:29]} Nd7 {[%emt 0:06:06]} 15. e3 {[%emt 0:03:27]} Rac8 {[%emt 0:04:30]} 16. b4 {[%emt 0:00:29]} a5 {[%emt 0:00:35]} 17. a3 {[%emt 0:00:06]} Ra8 {[%emt 0:03:15]} 18. h4 {[%emt 0:02:00]} axb4 {[%emt 0:04:00]} 19. axb4 {[%emt 0:00:06]} Ra4 {[%emt 0:00:38]} 20. Rb1 {[%emt 0:01:58]} Qa6 {[%emt 0:08:21]} 21. Ng5 {[%emt 0:03:51]} Ra2 {[%emt 0:05:20]} 22. Rb2 {[%emt 0:01:44]} Rxb2 {[%emt 0:00:54]} 23. Qxb2 {[%emt 0:02:24]} Ra8 {[%emt 0:01:10]} 24. Rc1 {[%emt 0:05:05]} Qa3 {[%emt 0:06:21]} 25. Qb1 {[%emt 0:02:51]} h6 {[%emt 0:02:36]} 26. Ne4 {[%emt 0:01:12]} Ra4 {[%emt 0:02:02]} 27. Rc3 {[%emt 0:08:57]} Qa1 {[%emt 0:01:55]} 28. Rc1 {[%emt 0:05:28]} Qxb1 {[%emt 0:01:53]} 29. Rxb1 {[%emt 0:00:09]} Kf8 {[%emt 0:02:13]} 30. g4 {[%emt 0:03:41]} Ke8 {[%emt 0:04:39]} 31. Kh2 {[%emt 0:05:11]} Kd8 {[%emt 0:02:45]} 32. Kg3 {[%emt 0:02:15]} Kc7 {[%emt 0:01:33]} 33. g5 {[%emt 0:03:32]} Ra3 {[%emt 0:03:36]} 34. Bf1 {[%emt 0:02:53]} Bc8 {[%emt 0:03:57]} 35. Rc1 {[%emt 0:03:05]} Kb6 {[%emt 0:03:48]} 36. Ndc5 {[%emt 0:03:27]} Nxc5 {[%emt 0:02:35]} 37. bxc5+ {[%emt 0:01:08]} Kc7 {[%emt 0:02:13]} 38. Kf4 {[%emt 0:01:01]} f5 {[%emt 0:02:30]} 39. Nd6 {[%emt 0:02:04]} Bd7 {[%emt 0:06:35]} 40. Nf7 {[%emt 0:01:43]} Be8 {[%emt 0:02:47]} 41. Ne5 {[%emt 0:31:01]} Ra2 {[%emt 0:30:54]} 42. f3 {[%emt 0:02:18]} Bd8 {[%emt 0:03:18]} 43. Bh3 {[%emt 0:00:00]} Bh5 {[%emt 0:00:00]} 44. Rg1 {[%emt 0:00:00]} hxg5+ {[%emt 0:00:00]} 45. hxg5 {[%emt 0:00:00]} g6 {[%emt 0:00:00]} 46. Rb1 {[%emt 0:00:00]} Ra6 {[%emt 0:00:00]} 47. e4 {[%emt 0:00:00]} Ra4 {[%emt 0:00:00]} 48. Rd1 {[%emt 0:00:00]} Be7 {[%emt 0:00:00]} 49. Rd3 {[%emt 0:00:00]} Ra1 {[%emt 0:00:00]} 50. Nf7 {[%emt 0:00:00]} b4 {[%emt 0:00:00]} 51. d5 {[%emt 0:00:00]} cxd5 {[%emt 0:00:00]} 52. exd5 {[%emt 0:00:00]} exd5 {[%emt 0:00:00]} 53. Rxd5 {[%emt 0:00:00]} b3 {[%emt 0:00:00]} 0-1

[Event "48th Rilton Cup 2018"]
[Site "Stockholm"]
[Date "2018.12.27"]
[Round "1"]
[White "Risting, Eivind Olav"]
[Black "Heberla, Bartlomiej"]
[Result "0-1"]
[WhiteElo "2281"]
[BlackElo "2550"]
[Annotator "ChessBase"]
[PlyCount "62"]
[EventDate "2018.12.27"]
[EventType "swiss"]
[EventCountry "SWE"]
[SourceTitle "playchess.com"]
[Source "ChessBase"]
[SourceQuality "1"]
[TimeControl "40/5400+30:1800+30"]

1. d4 {[%emt 0:00:00]} Nf6 {[%emt 0:00:00]} 2. c4 {[%emt 0:00:01]} d6 {[%emt 0:00:00]} 3. Nc3 {[%emt 0:00:45]} Nbd7 {[%emt 0:00:29]} 4. e4 {[%emt 0:00:57]} e5 {[%emt 0:00:07]} 5. Nf3 {[%emt 0:00:10]} g6 {[%emt 0:00:06]} 6. Be2 {[%emt 0:00:19]} Bg7 {[%emt 0:00:07]} 7. O-O {[%emt 0:00:09]} O-O {[%emt 0:00:04]} 8. Be3 {[%emt 0:04:56]} c6 {[%emt 0:02:00]} 9. d5 {[%emt 0:01:33]} c5 {[%emt 0:01:07]} 10. Ne1 {[%emt 0:08:24]} a6 {[%emt 0:00:43]} 11. a3 {[%emt 0:02:23]} Ne8 {[%emt 0:01:41]} 12. Nd3 {[%emt 0:03:21]} f5 {[%emt 0:00:07]} 13. exf5 {[%emt 0:02:05]} gxf5 {[%emt 0:00:09]} 14. f4 {[%emt 0:02:00]} e4 {[%emt 0:11:31]} 15. Nf2 {[%emt 0:01:20]} b5 {[%emt 0:00:40]} 16. cxb5 {[%emt 0:09:37]} axb5 {[%emt 0:12:04]} 17. Bxb5 {[%emt 0:02:52]} Nc7 {[%emt 0:00:07]} 18. Bc6 {[%emt 0:06:56]} Rb8 {[%emt 0:00:47]} 19. Rb1 {[%emt 0:02:09]} Nb6 {[%emt 0:00:09]} 20. Qc2 {[%emt 0:17:19]} Nc4 {[%emt 0:04:14]} 21. Bc1 {[%emt 0:00:36]} Ba6 {[%emt 0:00:16]} 22. Re1 {[%emt 0:03:50]} Bd4 {[%emt 0:13:25]} 23. Ncd1 {[%emt 0:06:15]} Nb6 {[%emt 0:10:26]} 24. Ne3 {[%emt 0:03:51]} Nbxd5 {[%emt 0:05:09]} 25. Bxd5+ {[%emt 0:09:20]} Nxd5 {[%emt 0:00:07]} 26. g3 {[%emt 0:04:25]} Nxe3 {[%emt 0:08:03]} 27. Bxe3 {[%emt 0:00:04]} d5 {[%emt 0:00:06]} 28. Bxd4 {[%emt 0:01:44]} cxd4 {[%emt 0:02:25]} 29. Qa4 {[%emt 0:01:48]} Qb6 {[%emt 0:00:49]} 30. Rbc1 {[%emt 0:01:13]} d3 {[%emt 0:02:09]} 31. Rc6 {[%emt 0:01:00]} Bb5 {[%emt 0:00:16]} 0-1

[Event "48th Rilton Cup 2018"]
[Site "Stockholm"]
[Date "2018.12.27"]
[Round "1"]
[White "Mullick, Raahil"]
[Black "Debashis, Das"]
[Result "0-1"]
[WhiteElo "2276"]
[BlackElo "2544"]
[Annotator "ChessBase"]
[PlyCount "120"]
[EventDate "2018.12.27"]
[EventType "swiss"]
[EventCountry "SWE"]
[SourceTitle "playchess.com"]
[Source "ChessBase"]
[SourceQuality "1"]
[TimeControl "40/5400+30:1800+30"]

1. e4 {[%emt 0:00:00]} c5 {[%emt 0:00:01]} 2. Nf3 {[%emt 0:00:00]} d6 {[%emt 0:00:09]} 3. d4 {[%emt 0:00:00]} cxd4 {[%emt 0:00:15]} 4. Nxd4 {[%emt 0:00:00]} Nf6 {[%emt 0:00:05]} 5. Nc3 {[%emt 0:00:00]} a6 {[%emt 0:00:06]} 6. Be3 {[%emt 0:00:00]} e5 {[%emt 0:00:35]} 7. Nb3 {[%emt 0:00:00]} Be6 {[%emt 0:00:04]} 8. f3 {[%emt 0:00:04]} h5 {[%emt 0:00:05]} 9. Nd5 {[%emt 0:00:03]} Bxd5 {[%emt 0:00:06]} 10. exd5 {[%emt 0:00:03]} Nbd7 {[%emt 0:00:07]} 11. Qd2 {[%emt 0:00:09]} g6 {[%emt 0:00:12]} 12. Be2 {[%emt 0:00:05]} Qc7 {[%emt 0:00:11]} 13. O-O {[%emt 0:04:39]} Nb6 {[%emt 0:00:16]} 14. c4 {[%emt 0:10:17]} Nxc4 {[%emt 0:01:04]} 15. Bxc4 {[%emt 0:00:13]} Qxc4 {[%emt 0:00:05]} 16. Rfd1 {[%emt 0:00:16]} Be7 {[%emt 0:05:13]} 17. Na5 {[%emt 0:08:20]} Qb5 {[%emt 0:02:48]} 18. a4 {[%emt 0:03:27]} Qd7 {[%emt 0:00:10]} 19. Nc4 {[%emt 0:02:01]} Rb8 {[%emt 0:05:55]} 20. Qb4 {[%emt 0:13:17]} O-O {[%emt 0:02:12]} 21. Ra3 {[%emt 0:02:08]} Rfe8 {[%emt 0:22:28]} 22. Rb3 {[%emt 0:04:11]} e4 {[%emt 0:16:03]} 23. Ba7 {[%emt 0:16:32]} Rbd8 {[%emt 0:00:54]} 24. a5 {[%emt 0:03:16]} Qf5 {[%emt 0:11:08]} 25. Ne3 {[%emt 0:02:30]} Qg5 {[%emt 0:01:31]} 26. fxe4 {[%emt 0:07:35]} Bf8 {[%emt 0:02:10]} 27. Rd4 {[%emt 0:04:16]} Bg7 {[%emt 0:03:31]} 28. Rc4 {[%emt 0:01:57]} Rd7 {[%emt 0:03:52]} 29. Nf1 {[%emt 0:06:52]} Ng4 {[%emt 0:03:40]} 30. h3 {[%emt 0:05:07]} Ne5 {[%emt 0:00:09]} 31. Rc2 {[%emt 0:00:15]} Rf8 {[%emt 0:08:21]} 32. Be3 {[%emt 0:02:47]} Qe7 {[%emt 0:01:24]} 33. Rf2 {[%emt 0:00:59]} Rc8 {[%emt 0:00:39]} 34. Nd2 {[%emt 0:04:18]} Rc2 {[%emt 0:02:59]} 35. Bb6 {[%emt 0:00:43]} Bh6 {[%emt 0:02:59]} 36. Nf1 {[%emt 0:01:05]} Rc4 {[%emt 0:03:27]} 37. Qe1 {[%emt 0:00:01]} Rc1 {[%emt 0:00:30]} 38. Qe2 {[%emt 0:00:37]} Nc4 {[%emt 0:01:05]} 39. Bd4 {[%emt 0:00:51]} Rc7 {[%emt 0:01:42]} 40. Rc3 {[%emt 0:00:32]} Ne5 {[%emt 0:00:57]} 41. Rxc7 {[%emt 0:06:29]} Rxc7 {[%emt 0:00:06]} 42. Bc3 {[%emt 0:01:04]} Bg7 {[%emt 0:00:52]} 43. Nd2 {[%emt 0:01:33]} Nd7 {[%emt 0:01:03]} 44. Bxg7 {[%emt 0:01:28]} Kxg7 {[%emt 0:00:02]} 45. Nc4 {[%emt 0:01:23]} Ne5 {[%emt 0:01:31]} 46. Nb6 {[%emt 0:01:34]} Qg5 {[%emt 0:02:17]} 47. Rf1 {[%emt 0:01:58]} Rc5 {[%emt 0:02:59]} 48. Qf2 {[%emt 0:02:42]} Qd8 {[%emt 0:03:08]} 49. Qd2 {[%emt 0:04:22]} Qc7 {[%emt 0:04:38]} 50. Na8 {[%emt 0:00:53]} Qe7 {[%emt 0:04:46]} 51. Rc1 {[%emt 0:04:33]} Nd7 {[%emt 0:00:07]} 52. b4 {[%emt 0:05:11]} Rxc1+ {[%emt 0:00:22]} 53. Qxc1 {[%emt 0:00:01]} Nf6 {[%emt 0:05:21]} 54. Qc3 {[%emt 0:02:06]} Kh7 {[%emt 0:01:23]} 55. Nc7 {[%emt 0:02:11]} Nxe4 {[%emt 0:00:26]} 56. Qe3 {[%emt 0:00:25]} Qe5 {[%emt 0:01:42]} 57. Qb6 {[%emt 0:00:36]} Ng3 {[%emt 0:01:39]} 58. Qf2 {[%emt 0:00:29]} Kg8 {[%emt 0:02:04]} 59. b5 {[%emt 0:00:32]} h4 {[%emt 0:01:44]} 60. Qd2 {[%emt 0:00:31]} Qa1+ {[%emt 0:00:06]} 0-1

[Event "48th Rilton Cup 2018"]
[Site "Stockholm"]
[Date "2018.12.27"]
[Round "1"]
[White "Storme, Isak"]
[Black "Lalith Babu M R"]
[Result "0-1"]
[WhiteElo "2271"]
[BlackElo "2529"]
[Annotator "ChessBase"]
[PlyCount "70"]
[EventDate "2018.12.27"]
[EventType "swiss"]
[EventCountry "SWE"]
[SourceTitle "playchess.com"]
[Source "ChessBase"]
[SourceQuality "1"]
[TimeControl "40/5400+30:1800+30"]

1. e4 {[%emt 0:00:00]} e5 {[%emt 0:00:00]} 2. Nf3 {[%emt 0:00:00]} Nc6 {[%emt 0:00:00]} 3. Bc4 {[%emt 0:00:20]} Bc5 {[%emt 0:00:19]} 4. c3 {[%emt 0:00:49]} Nf6 {[%emt 0:00:17]} 5. d3 {[%emt 0:00:08]} O-O {[%emt 0:00:27]} 6. O-O {[%emt 0:02:20]} d5 {[%emt 0:00:31]} 7. exd5 {[%emt 0:00:40]} Nxd5 {[%emt 0:00:04]} 8. Re1 {[%emt 0:03:31]} Bg4 {[%emt 0:00:35]} 9. Nbd2 {[%emt 0:15:07]} Nb6 {[%emt 0:02:04]} 10. Bb5 {[%emt 0:03:24]} Bd6 {[%emt 0:02:04]} 11. Ne4 {[%emt 0:04:38]} Re8 {[%emt 0:09:44]} 12. h3 {[%emt 0:08:02]} Bh5 {[%emt 0:03:02]} 13. Ng3 {[%emt 0:10:12]} Bg6 {[%emt 0:01:30]} 14. h4 {[%emt 0:08:09]} h6 {[%emt 0:00:54]} 15. Be3 {[%emt 0:07:20]} a6 {[%emt 0:01:50]} 16. Bxc6 {[%emt 0:00:47]} bxc6 {[%emt 0:00:06]} 17. h5 {[%emt 0:03:55]} Bh7 {[%emt 0:00:47]} 18. d4 {[%emt 0:03:30]} e4 {[%emt 0:02:31]} 19. Ne5 {[%emt 0:01:11]} Bxe5 {[%emt 0:05:11]} 20. dxe5 {[%emt 0:00:07]} Nc4 {[%emt 0:06:09]} 21. Bd4 {[%emt 0:01:15]} c5 {[%emt 0:00:20]} 22. Bxc5 {[%emt 0:01:45]} Nxb2 {[%emt 0:00:27]} 23. Qd4 {[%emt 0:07:45]} Nd3 {[%emt 0:02:44]} 24. Re3 {[%emt 0:01:23]} Nxe5 {[%emt 0:05:12]} 25. Rd1 {[%emt 0:13:18]} Qh4 {[%emt 0:06:14]} 26. Qa4 {[%emt 0:01:53]} Ng4 {[%emt 0:00:58]} 27. Re2 {[%emt 0:00:33]} e3 {[%emt 0:07:33]} 28. Rd4 {[%emt 0:01:08]} Qh2+ {[%emt 0:03:02]} 29. Kf1 {[%emt 0:00:05]} Nxf2 {[%emt 0:00:06]} 30. Rxf2 {[%emt 0:00:13]} Qxg3 {[%emt 0:00:19]} 31. Re2 {[%emt 0:00:26]} Qg5 {[%emt 0:01:33]} 32. Qc4 {[%emt 0:00:41]} Re5 {[%emt 0:00:23]} 33. Rf4 {[%emt 0:00:23]} Rxc5 {[%emt 0:00:37]} 34. Qxf7+ {[%emt 0:00:08]} Kh8 {[%emt 0:00:03]} 35. Rxe3 {[%emt 0:00:12]} Bg8 {[%emt 0:00:05]} 0-1

[Event "48th Rilton Cup 2018"]
[Site "Stockholm"]
[Date "2018.12.28"]
[Round "2"]
[White "Nabaty, Tamir"]
[Black "Raja Rithvik R"]
[Result "1-0"]
[WhiteElo "2670"]
[BlackElo "2415"]
[Annotator "TA"]
[PlyCount "169"]
[EventDate "2018.12.27"]
[EventType "swiss"]
[EventCountry "SWE"]
[SourceTitle "playchess.com"]
[Source "ChessBase"]
[SourceQuality "1"]

{[%evp 9,169,0,10,0,8,0,0,-9,0,0,4,7,3,8,12,7,6,5,22,6,8,14,39,0,25,10,39,25,31,38,41,43,45,31,48,32,35,29,84,78,85,61,68,68,70,64,77,77,77,77,77,77,77,77,77,77,77,77,77,77,77,77,77,77,77,77,77,77,77,56,77,77,77,29,90,29,81,75,90,90,90,90,101,35,90,44,90,90,90,90,90,90,90,90,90,66,66,0,66,30,68,22,66,68,93,117,136,137,151,151,151,151,151,151,151,101,89,16,191,151,151,151,150,150,151,150,305,289,334,150,150,150,150,150,150,150,150,150,157,150,150,150,150,147,669,674,668,616,645,619,1127,1123,1071,1081,1009,999,1020,1020,995,956,2304,2076]} 1. d4 Nf6 2. Nf3 d5 3. a3 (3. c4 e6 4. Nc3 Be7 5. Bf4 O-O 6. e3 c5 7. dxc5 Bxc5 8. Qc2 Nc6 9. a3 Qa5 10. Nd2 Qd8 11. Nb3 Bb6 12. Be2 Qe7 13. Bg5 dxc4 14. Nd2 Ne5 15. O-O Bd7 16. Bf4 Ng6 17. Bg3 Bc6 18. Nxc4 {½-½ (40) Carlsen,M (2835)-Caruana,F (2832) London 2018}) 3... e6 4. Bf4 Bd6 5. e3 O-O 6. Bd3 {D02: 1 d4 d5 2 Nf3 sidelines, including 2...Nf6 3 g3 and 2...Nf6 3 Bf4} b6 $146 ({Predecessor:} 6... Bxf4 7. exf4 Nc6 8. O-O h6 9. c3 Qd6 10. Qd2 Ne4 11. Bxe4 dxe4 {1-0 (39) Perez Parera,S (1700)-Coll Bernabe,F (1705) Santa Eulalia de Roncana 2011}) 7. Qe2 Bb7 8. Nbd2 {The position is equal.} c5 {Strongly threatening ...Bxf4.} 9. c3 Nc6 10. O-O Bxf4 11. exf4 cxd4 12. cxd4 Rc8 13. Rac1 g6 14. h3 Qd6 15. Qe3 Ne7 16. Qe5 Qxe5 17. fxe5 (17. dxe5 {looks sharper.} Ne4 18. Rfd1 Rfd8 19. Rxc8 Rxc8 20. Nd4) 17... Nd7 18. Nb1 Rxc1 19. Rxc1 {aiming for Rc7.} Rc8 20. Rxc8+ Bxc8 21. Nc3 Kg7 22. Ne1 Nb8 23. b4 {[%cal Bb2b4,Bb4b5][%mdl 32]} Ba6 (23... g5 $11) 24. b5 $16 Bb7 25. Nc2 g5 26. g3 Nd7 27. Ne2 h6 28. f4 f6 29. Kf2 gxf4 30. gxf4 f5 31. Ng3 Kf7 32. Nb4 Nf8 33. Nh5 Nd7 34. Ke3 Kg6 35. Be2 Kf7 36. Kd2 Kf8 37. a4 {[%cal Ba3a4,Ba4a5][%mdl 32]} Kf7 38. Kc3 Kf8 39. Nc2 Kf7 40. Kb4 Ng6 41. a5 Ke7 (41... bxa5+ $11 {keeps the balance.} 42. Kxa5 Nb6) 42. Ne1 ({White should try} 42. a6 $16 Bc8 43. Kc3) 42... Kd8 (42... bxa5+ $11 43. Kxa5 Nb6) 43. Nd3 Ke7 44. Bd1 Kf7 45. Ka4 Ke7 46. Bb3 (46. a6 $16 Bc8 47. Kb4) 46... Kf7 (46... bxa5 $14 47. Kxa5 Nb6) 47. Bc2 Ne7 48. Bd1 Ng6 49. Be2 Ne7 50. Nb4 Kg6 51. Na2 Kf7 52. Nc3 Ng6 53. Kb4 (53. a6 $14 Bc8 54. Na2) 53... Ke7 (53... bxa5+ $11 54. Kxa5 Nb6) 54. Na4 Kf7 55. Bf1 Ne7 56. Bd3 Kg6 57. Be2 Kf7 58. Ng3 $1 Kf8 59. Bh5 $1 Ng8 60. Nf1 Ne7 61. Ne3 Ng8 62. Bf3 Ne7 63. Nc4 ({White should play} 63. axb6 $16 axb6 64. Bh5) 63... Nc8 $2 (63... dxc4 $11 {and Black has nothing to worry.} 64. Bxb7 bxa5+ 65. Kxa5 (65. Kxc4 Nb6+ 66. Kb3 Ng6 $17) 65... Nb6) 64. a6 Ba8 65. Ne3 Ne7 66. Bh5 Ng8 67. Ng2 Ke7 $2 {[#]} (67... Ne7 $16 68. Nb2 Kg7) 68. Nh4 $1 $18 Nf8 69. Ng6+ (69. Kc3 $18 {and White stays clearly on top.}) 69... Nxg6 $16 70. Bxg6 {[%mdl 4096] Endgame KBN-KBN} Kf8 71. Bh5 Ne7 72. Nb2 Nc8 73. Nd3 Ne7 74. Ne1 Nc8 75. Ng2 Ne7 76. Nh4 Ng8 $2 {[%mdl 8192] [#]} (76... Nc8 $16 77. Ng6+ Kg8) 77. Ng6+ $1 $18 {White is clearly winning.} Kg7 78. Ka3 Kf7 79. Nh8+ Ke7 80. Bf7 Kf8 81. Bxe6 Ne7 82. Nf7 Ng6 83. Nxh6 Nxf4 84. Bc8 Nxh3 85. Nxf5 {Precision: White = 66%, Black = 37%.} 1-0

[Event "48th Rilton Cup 2018"]
[Site "Stockholm"]
[Date "2018.12.28"]
[Round "2"]
[White "Lagarde, Maxime"]
[Black "Koykka, Pekka"]
[Result "1-0"]
[WhiteElo "2616"]
[BlackElo "2405"]
[Annotator "ChessBase"]
[PlyCount "65"]
[EventDate "2018.12.27"]
[EventType "swiss"]
[EventCountry "SWE"]
[SourceTitle "playchess.com"]
[Source "ChessBase"]
[SourceQuality "1"]
[TimeControl "40/5400+30:1800+30"]

1. d4 {[%emt 0:00:00]} d5 {[%emt 0:00:00]} 2. Bf4 {[%emt 0:04:15]} Nf6 {[%emt 0:00:48]} 3. e3 {[%emt 0:03:07]} Bf5 {[%emt 0:10:21]} 4. Nc3 {[%emt 0:05:08]} e6 {[%emt 0:01:19]} 5. Nb5 {[%emt 0:05:14]} Na6 {[%emt 0:01:14]} 6. a3 {[%emt 0:12:26]} c6 {[%emt 0:11:30]} 7. Nc3 {[%emt 0:00:14]} Nb8 {[%emt 0:09:59]} 8. Nf3 {[%emt 0:06:14]} Be7 {[%emt 0:09:16]} 9. Ne5 {[%emt 0:21:03]} h6 {[%emt 0:06:19]} 10. h4 {[%emt 0:06:41]} Bh7 {[%emt 0:09:07]} 11. Bd3 {[%emt 0:02:46]} Nbd7 {[%emt 0:08:26]} 12. Qf3 {[%emt 0:05:14]} Nxe5 {[%emt 0:02:21]} 13. dxe5 {[%emt 0:00:42]} Nd7 {[%emt 0:00:30]} 14. Qg4 {[%emt 0:08:30]} Bf8 {[%emt 0:01:11]} 15. Bg3 {[%emt 0:04:53]} Qb6 {[%emt 0:09:32]} 16. b4 {[%emt 0:03:49]} Bxd3 {[%emt 0:06:02]} 17. cxd3 {[%emt 0:00:11]} Qa6 {[%emt 0:02:24]} 18. Qd1 {[%emt 0:00:26]} c5 {[%emt 0:03:35]} 19. O-O {[%emt 0:01:00]} Be7 {[%emt 0:01:18]} 20. bxc5 {[%emt 0:02:39]} Nxc5 {[%emt 0:00:56]} 21. d4 {[%emt 0:00:09]} Nd7 {[%emt 0:00:19]} 22. Qg4 {[%emt 0:00:33]} Qd3 {[%emt 0:03:20]} 23. Qxg7 {[%emt 0:02:23]} Rh7 {[%emt 0:00:45]} 24. Qg8+ {[%emt 0:00:18]} Nf8 {[%emt 0:00:43]} 25. Rfc1 {[%emt 0:03:31]} h5 {[%emt 0:00:28]} 26. Rab1 {[%emt 0:00:36]} Bxa3 {[%emt 0:00:41]} 27. Rxb7 {[%emt 0:00:52]} Bxc1 {[%emt 0:00:16]} 28. Nb5 {[%emt 0:00:07]} Ba3 {[%emt 0:00:47]} 29. Nd6+ {[%emt 0:00:53]} Bxd6 {[%emt 0:00:18]} 30. exd6 {[%emt 0:00:02]} O-O-O {[%emt 0:00:22]} 31. Rc7+ {[%emt 0:00:04]} Kb8 {[%emt 0:00:06]} 32. d7 {[%emt 0:00:06]} Qb1+ {[%emt 0:01:12]} 33. Rc1+ {[%emt 0:00:15]} 1-0